Nuclear deterrence in Southern Asia : (Record no. 67605)

MARC details
000 -LEADER
fixed length control field 00452nam a22001457a 4500
005 - DATE AND TIME OF LATEST TRANSACTION
control field 20180723170556.0
020 ## - INTERNATIONAL STANDARD BOOK NUMBER
International Standard Book Number 0761932305
Terms of availability 895.00
035 ## - SYSTEM CONTROL NUMBER
System control number B-167014, B-167013
037 ## - SOURCE OF ACQUISITION
Stock number DPL
Source of stock number/acquisition ENG
100 ## - MAIN ENTRY--PERSONAL NAME
Personal name Rajain, Arpit
245 ## - TITLE STATEMENT
Title Nuclear deterrence in Southern Asia :
Remainder of title China, India and Paksitan /
Statement of responsibility, etc by Arpit Rajain
260 ## - PUBLICATION, DISTRIBUTION, ETC. (IMPRINT)
Place of publication, distribution, etc New Delhi
Name of publisher, distributor, etc Sage Publications
Date of publication, distribution, etc 2005
300 ## - PHYSICAL DESCRIPTION
Extent 495p.
Dimensions 20 cms.
942 ## - ADDED ENTRY ELEMENTS (KOHA)
Source of classification or shelving scheme Dewey Decimal Classification
Item type English Books
Classification part 355.0217
Call number suffix RAJ
Holdings
Withdrawn status Lost status Not for loan Collection code Home library Current library Date acquired Cost, normal purchase price Full call number Barcode Cost, replacement price Koha item type Source of acquisition
      Non-fiction Patel Nagar Patel Nagar 23/07/2018 850.00 355.0217 RAJ B-167013 850.00 English Books BPPD/PUB
      Non-fiction Sarojini Nagar Sarojini Nagar 06/06/2012 895.00 355.0217 RAJ B-167014 895.00 English Books  

© Delhi Public Library
Hit Counter
free hit counter